000 01161nam0a22002651i 4500
001 rc\4761199
005 20240726044140.0
021 _aRU
_b[67-42516]
035 _a(NLR Aleph) 009017009
090 _a9404087
_c9404087
100 _a20130417d1967 |||y0rusy50 ca
101 0 _arus
102 _aRU
105 _ay d |||||
200 1 _aЭлектроплетизмография легких
_e(Методика, количеств. оценка, эксперим. и клинич. применение)
_eАвтореферат дис. на соискание учен. степени д-ра мед. наук
_fАН СССР. Ин-т физиологии им. И.П. Павлова
210 _aЛенинград
_d1967
215 _a37 с.
_cграф.
320 _aСписок работ авт.: с. 35-37 (14 назв.)
606 _aЛегочные сосуды
_xИсследование
_2psbo
606 _aПлетизмография
_xМетоды и техника
_2psbo
700 1 _aМажбич
_bБ.И.
_gБорис Иосифович
801 0 _aRU
_bNLR
_gpsbo
801 1 _aRU
_bELAR
_2rusmarc
852 _aNLR
_j67-6/8668
942 _cBOOK